00952nam a2200337Ia 4500001000900000003000500009005001700014008004100031010001100072020002200083040000900105082001700114100001900131245011200150260005800262300001100320504002700331650001600358650001200374650002800386650001200414650001100426650001900437650001200456650001400468650004400482650001700526650001600543700002700559700002800586dia_2701CHAP20230502134721.0220117s2013 xx 000 0 und d a176965 a978-1-77085-200-6 cCHAP a635 B64 2013 aBiggs, Matthew aVegetables, herbs & fruit : an illustrated encyclopedia /c Matthew Biggs, Jekka McVicar y Bob Flowerdew aEstados Unidos de América :b Firefly Books,c2013 a640 p. aBibliografía: p. 626 aCocinando  aCooking aCultivos hortícolas  aFruit  0aFrutas aFruticultura  aHerbs  aHierbas  aVegetable gardening 1Fruitxculture 1 aVegetables  aVegetales  aFlowerdew, Bob, coaut. aMcVicar, Jekka, coaut.